Регионална библиотека "Любен Каравелов" - Русе

Емили в Париж (Запис номер 490127)

MARC детайли
000 -Лидер
Контролно поле с фиксирана дължина 01179nam a2200277 a 4500
003 - Код на организацията, давaща контролен номер
Контролно поле BLK
005 - Дата и час на последна редакция
Контролно поле 20250509135812.0
008 - Елементи от данни с фиксирана дължина
fixed length control field 210901b bu |||||r|||| 00| | bu d
020 ## - Международен стандартен номер на книга ISBN
Международен стандартен номер на книга ISBN 9789542841364
040 ## - Източник на каталожния запис
Идентификатор на билиотеката - собственик на записа BLK
041 ## - Код за език
Код за езика на текст/звукозапис или на отделно заглавие Български
Код за езика КДБФ Български
080 ## - УДК
Текстов определител УДК Френска литература
УДК код - определител по УДК 821.133.1
УДК - код + определител 821.133.1-31
УДК определител -31
100 ## - Редна дума - Автор
R(LIN) 487081
Автор Каленгула, Катрин
Авторска отговорност първи автор
139 ## - Редно поле
Редна дума Каленгула, Катрин
Авторски знак Кал - К 16
245 ## - Сведения за заглавието
Заглавие Емили в Париж
Подзаглавни данни първият роман по сериала на Дарън Стар
Редно поле (дума) Катрин Каленгула ; прев. от фр. Марианна Панова.
257 ## - Страна на издаване
Страна на създаване/издаване Франция
260 ## - Област на издателските данни
9 (RLIN) 217021
Място на издаване, разпространение и проч. София
Име на издателя, разпространителя и проч. Сиела Норма
Година на издаване 2023
Печатница ([София] : Алианс принт)
300 ## - Физическа характеристика
Страници 240 с.
Илюстрации и др. [7] л. : с цв. ил.
Размери/Мащаб 20 см
380 ## - Жанр
Жанр Худож. лит.
500 ## - Общи забележки
Забележка Ориг. загл.: Emily in Paris / Catherine Kalengula
700 ## - Други автори (авторска отговорност)
9 (RLIN) 402490
Лично име Панова, Марианна Георгиева
Автороска отговорност (Описва отношението между автора и произведението) прев. от фр.
852 ## - Местоположение
Фондова буква Заемна - подръчен фонд
856 ## - Електронен адрес и достъп
Инструкция (цена за достъп) 0.00
Права за достъп disable
999 ## - СИСТЕМНИ КОНТРОЛНИ НОМЕРА
Koha biblionumber 490127
Koha biblioitemnumber 490127
942 ## - АРТИКУЛИ
Вид на библиотечния материал Книги
Скрит в OPAC Не
Периодичен библиозапис Да
Koha issues (borrowed), all copies 31
944 ## - СЪЗДАВАНЕ И РЕДАКЦИЯ на ЗАПИСА
Създаване/Редакция Създаване
Дата на регистрацията/редакция 2023-03-24
Служител, извършил регистрацията/редакцията 30542
Статус, дата на статуса Русанова Ирена
Наличности
Код за отписване Код за изгубен артикул Източник на класификационната схема Код за повреда Коз за рестрикции Код за отдаване Артикулен № Име на библиотеката - собственик Име на библиотеката, в която се намира в момента Статус (Текущо местоположение) Дата на вписване в системата Местоположение - отдел Цена в лева Инвентарен номер Систематично азбучна сигнатура Баркод Цена в евро Служебен тип на артикула
  Не е изгубен Universal Decimal Classification Не е повреден без рестрикции заемане за дома 925329 Регионална библиотека "Любен Каравелов" Русе Регионална библиотека "Любен Каравелов" Русе Заемна - подръчен фонд 2023-03-28 Заемна - подръчен фонд 13.51 120000884564 821-31/К 16 К 120000884564 6.91 Книги
Vip Innovations Ltd, Rousse, Bulgaria 2025